G20 Member Countries, Capitals - Statistics

General Stats
  • This quiz has been taken 18 times
  • The average score is 12 of 19
Answer Stats
G20 Capital % Correct
Türkiye Ankara
100%
China Beijing
100%
Germany Berlin
100%
Argentina Buenos Aires
92%
Brazil Brasilia
83%
Australia Canberra
83%
United Kingdom London
75%
Russia Moscow
75%
India New Delhi
75%
Indonesia Jakarta
67%
Mexico Mexico City
67%
Canada Ottawa
58%
France Paris
50%
South Africa Pretoria
33%
Saudi Arabia Riyadh
33%
Italy Rome
33%
South Korea Seoul
33%
Japan Tokyo
33%
United States Washington, D.C.
25%
No matching quizzes found
Score Distribution
Percent of People with Each Score
Percentile by Number Answered
Your Score History
You have not taken this quiz